Aventure des langues en occident (L'). Leur origine, leur histoire , leur geographie (Record n. 87889)

Dettagli MARC
000 -LEADER
fixed length control field 01601nam a2200289Ia 4500
001 - CONTROL NUMBER
control field D4329
003 - CONTROL NUMBER IDENTIFIER
control field IT-RoPAU
008 - FIXED-LENGTH DATA ELEMENTS--GENERAL INFORMATION
fixed length control field 130308s9999 xx 000 0 und d
040 ## - CATALOGING SOURCE
Original cataloging agency IT-RoPAU
040 ## - CATALOGING SOURCE
Transcribing agency IT-RoPAU
041 ## - LANGUAGE CODE
Language code of text/sound track or separate title FRANCESE
100 ## - MAIN ENTRY--PERSONAL NAME
Personal name Walter Henriette
100 ## - MAIN ENTRY--PERSONAL NAME
Miscellaneous information Codice Aut. SPICS: 546
245 ## - TITLE STATEMENT
Title Aventure des langues en occident (L'). Leur origine, leur histoire , leur geographie
245 ## - TITLE STATEMENT
Remainder of title Aventure des Langues En Occident (L'). Leur Origine, Leur Histoire, Leur Geographie
250 ## - EDITION STATEMENT
Edition statement 1a ed.
260 ## - PUBLICATION, DISTRIBUTION, ETC. (IMPRINT)
Place of publication, distribution, etc. PARIS
260 ## - PUBLICATION, DISTRIBUTION, ETC. (IMPRINT)
Name of publisher, distributor, etc. Laffont Robert
260 ## - PUBLICATION, DISTRIBUTION, ETC. (IMPRINT)
Date of publication, distribution, etc. 1994 [1° Ed.:1994 - Ed.Ling.Originale:1994]
300 ## - PHYSICAL DESCRIPTION
Extent "500 p. (prefazione: no ; testo: 500)"
500 ## - GENERAL NOTE
General note Avventura delle Lingue in Occidente: Loro Origine, Storia e Geografia. Prefazione di Andre' Martinet. Grandi Zone Linguistiche e Filo Conduttore del Libro. Origini Lontane: Ceppo Comune Indoeuropeo, scoperte Archeologiche, ripartizione delle Lingue Attuali. Lingua Greca: Evoluzione dell'Alfabeto, Traslitterazione del Greco, Dall'Alfabeto Greco All'Alfabeto Latino, Dialetti della Grecia Arcaica, radici Greche e Lingua Greca nel Mondo. Lingue Celtiche: Irlandese, Gaelico, Cornico, Gallese, Bretone. Lingue Nate dal Latino: Italiano, Spagnolo, portoghese e Francese. Lingue Germaniche: tavole delle principali Lingue Germaniche Attuali, Tedesco del Nord, Danese, Tedesco dell'Ovest, Lussemburghese, Olandese, Inglese. Bibliografia. Cronologia delle Lingue.
650 ## - SUBJECT ADDED ENTRY--TOPICAL TERM
Topical term or geographic name as entry element SAGGI DI LINGUISTICA
650 ## - SUBJECT ADDED ENTRY--TOPICAL TERM
Relator term Codice materia Spics: 3207
942 ## - ADDED ENTRY ELEMENTS (KOHA)
Koha item type LIBRO
957 ## -
-- 1
999 ## - SYSTEM CONTROL NUMBERS (KOHA)
-- 1
Dati di copia
Withdrawn status Lost status Damaged status Not for loan Home library Current library Date acquired Total Checkouts Full call number Date last seen Price effective from Koha item type Public note
    Buone Condizioni Not For Loan SPICS-MEDIATECA SPICS-MEDIATECA 08/03/2013   D4329 08/03/2013 08/03/2013 LIBRO Progressivo inserimento: 3262 / N. Volumi: 1 Copie: 1 / data import: 1 marzo 2013 - By Epidotti, Trombetti, Vaglietti.
CREDITS: SOCIETA' SAN PAOLO Via A.Severo, 58 - ROMA (RM) & PERIODICI SAN PAOLO SRL Via Giotto, 36 MILANO & CISF Via Giotto, 36 MILANO & EDIZIONI SAN PAOLO SRL,  Piazza Soncino, 5 CINISELLO BALSAMO (MI) -- ITALY